Ensayos sobre la vida humana
Este filósofo estadounidense analiza aquí una diversidad de temas: la muerte, el absurdo, la suerte moral, la perversión, la guerra y la matanza, la crueldad, la política, la igualdad y la dispersión de valor, bajo el enfoque realista de que a pesar de que algunos problemas no tienen solución, no po...
| 1. Verfasser: | |
|---|---|
| Format: | Paket |
| Sprache: | Spanish |
| Ausgabe: | 2a ed. |
| Schriftenreihe: | Popular
|
| Schlagworte: |
MARC
| LEADER | 00000cac a2200000 a 4500 | ||
|---|---|---|---|
| 001 | 112884 | ||
| 003 | Ucuenca | ||
| 005 | 20230308221010.0 | ||
| 008 | 014121|2000 mx |||||r|||||||||||spa|| | ||
| 020 | |a 9681660986 | ||
| 040 | |b spa | ||
| 041 | 1 | |a spa | |
| 082 | 0 | |a 191 | |
| 100 | 1 | |a Nagel, Thomas. |d 1937- |9 212613 | |
| 245 | |a Ensayos sobre la vida humana |c Thomas Nagel. Traducción de Héctor Islas Azaís |h imp | ||
| 250 | |a 2a ed. | ||
| 264 | |a México |b Fondo de Cultura económica |c 2000 | ||
| 300 | |a 351 páginas: |c 17 cm | ||
| 490 | |a Popular |p n°. 205 | ||
| 504 | |a incl. ref. | ||
| 520 | 3 | |a Este filósofo estadounidense analiza aquí una diversidad de temas: la muerte, el absurdo, la suerte moral, la perversión, la guerra y la matanza, la crueldad, la política, la igualdad y la dispersión de valor, bajo el enfoque realista de que a pesar de que algunos problemas no tienen solución, no por eso son menos reales. | |
| 650 | |a Filosofia estadounidense |9 25006 | ||
| 650 | |a Etica social |9 19695 | ||
| 653 | |a FILOSOFIA | ||
| 852 | |a UC-CDJBV |f Compra |l 1 |m General |p 20141219 |q 56.06 |r 2 |t 112884 |v filo |y 3372605 |b 0 |d CDRC |e CDRC |g 191 PRIMER PISO |z 2014-41-21 | ||
| 856 | |a http://sibuc.ucuenca.edu.ec/portada/112884.jpg | ||
| 942 | |c CR |0 3 | ||
| 999 | |c 135521 |d 135521 | ||